01434cam a22003011 4500001001300000003000400013005001700017008004100034010001700075035001800092040003400110050002300144051001400167086001600181100003800197245019100235260004400426300007800470440004800548501031600596504002800912650002300940650002800963650002400991700004801015700005201063999001701115gs 16000406 DLC20260227111319.0720327s1916 dcuabdf b 000 0 eng  ags 16000406  a(OCoLC)271117 aDLCcODaWUdOCoLCdNmSoIdDLC00aTC801b.U2 no. 399 aQE87b.S80 aI 19.13:3991 aStephenson, Lloyd William,d1876-10aGeology and ground waters of northeastern Arkansas /cby Lloyd William Stephenson and Albert Foster Crider ; with a discussion of The chemical character of the waters by Richard B. Dole. aWashington :bGovt. Print. Off.,c1916. a315 p., [11] leaves of plates :bill., fold. maps, fold. charts ;c24 cm. 0aGeological Survey water-supply paper ;v399 aTC801.U2 no. 399 with: Ground water in the Waterbury area, Connecticut / by Arthur J. Ellis under the direction of Herbert E. Gregory ; prepared in cooperation with the Connecticut State Geological and Natural History Survey. Washington : Govt. Print. Off., 1916. Bound together subsequent to publication.5DLC aBibliography: p. 15-22. 0aGeologyzArkansas. 0aWater-supplyzArkansas. 0aWaterxComposition.1 aCrider, A. F.q(Albert Foster),d1873-1945.1 aDole, Richard B.q(Richard Bryant),d1880-1917. c25672d25672